000 00305nam a22001337a 4500
999 _c160745
_d160745
082 _a
_b
100 _aWilliam M Indich
245 _aConsciousness in advaita vedanata/
_cby William M Indich.
260 _aNew Delhi:
_bMotilal,
_c2000.
300 _a144p.
650 _a
700 _a
942 _cBK